Sử dụng dụng cụ đo điện

Spremljeno u:
Bibliografski detalji
Glavni autor: Hoàng Anh
Format: Knjiga
Jezik:Undetermined
Izdano: Tp. HCM Nxb. Tp. HCM 1986
Oznake: Dodaj oznaku
Bez oznaka, Budi prvi tko označuje ovaj zapis!
Thư viện lưu trữ: Trung tâm Học liệu Trường Đại học Cần Thơ
LEADER 00488nam a2200169Ia 4500
001 CTU_14136
008 210402s9999 xx 000 0 und d
082 |a 621.373 
082 |b A107 
100 |a Hoàng Anh 
245 0 |a Sử dụng dụng cụ đo điện 
245 0 |c Hoàng Anh, Lê Tấn Thành 
260 |a Tp. HCM 
260 |b Nxb. Tp. HCM 
260 |c 1986 
904 |i Nguyễn Quang Điền, 961230 
980 |a Trung tâm Học liệu Trường Đại học Cần Thơ